Rosa Parks : (Record no. 9063)

MARC details
000 -LEADER
fixed length control field 02290cam a2200529 a 4500
001 - CONTROL NUMBER
control field 9063
003 - CONTROL NUMBER IDENTIFIER
control field FISKH
005 - DATE AND TIME OF LATEST TRANSACTION
control field 20251118140630.0
008 - FIXED-LENGTH DATA ELEMENTS--GENERAL INFORMATION
fixed length control field 920921s1993 njua j 001 0beng
010 ## - LIBRARY OF CONGRESS CONTROL NUMBER
LC control number 92034939
020 ## - INTERNATIONAL STANDARD BOOK NUMBER
International Standard Book Number 0816728313 (lib. bdg.) :
Terms of availability $10.79
020 ## - INTERNATIONAL STANDARD BOOK NUMBER
International Standard Book Number 0816728321 (pbk.) :
020 ## - INTERNATIONAL STANDARD BOOK NUMBER
International Standard Book Number 051487003503
020 ## - INTERNATIONAL STANDARD BOOK NUMBER
International Standard Book Number 9780816728312
020 ## - INTERNATIONAL STANDARD BOOK NUMBER
International Standard Book Number 9780816728329
035 ## - SYSTEM CONTROL NUMBER
System control number 2033061
040 ## - CATALOGING SOURCE
Original cataloging agency DLC
Transcribing agency DLC
Modifying agency DLC
Language of cataloging eng
050 00 - LIBRARY OF CONGRESS CALL NUMBER
Classification number F334.M753
Item number P3825 1993
082 00 - DEWEY DECIMAL CLASSIFICATION NUMBER
Classification number 323/.092
-- B
Edition number 20
100 1# - MAIN ENTRY--PERSONAL NAME
Personal name Brandt, Keith,
Dates associated with a name 1949-
245 10 - TITLE STATEMENT
Title Rosa Parks :
Remainder of title fight for freedom /
Statement of responsibility, etc. by Keith Brandt ; illustrated by Gershom Griffith.
260 ## - PUBLICATION, DISTRIBUTION, ETC.
Place of publication, distribution, etc. New York :
Name of publisher, distributor, etc. Troll Associates,
Date of publication, distribution, etc. 1993.
300 ## - PHYSICAL DESCRIPTION
Extent 48 pages :
Other physical details color illustrations ;
Dimensions 23 cm
336 ## - CONTENT TYPE
Content type term text
Content type code txt
Source rdacontent
337 ## - MEDIA TYPE
Media type term unmediated
Media type code n
Source rdamedia
338 ## - CARRIER TYPE
Carrier type term volume
Carrier type code nc
Source rdacarrier
500 ## - GENERAL NOTE
General note Includes index.
520 ## - SUMMARY, ETC.
Summary, etc. A biography of the woman whose actions led to the desegregation of buses in Montgomery, Alabama, in the 1960s and who was an important figure in the early days of the civil rights movement.
600 10 - SUBJECT ADDED ENTRY--PERSONAL NAME
Personal name Parks, Rosa,
Dates associated with a name 1913-2005
Form subdivision Juvenile literature.
600 11 - SUBJECT ADDED ENTRY--PERSONAL NAME
Personal name Parks, Rosa,
Dates associated with a name 1913-2005.
650 #0 - SUBJECT ADDED ENTRY--TOPICAL TERM
Topical term or geographic name entry element African Americans
Geographic subdivision Alabama
-- Montgomery
Form subdivision Biography
-- Juvenile literature.
650 #0 - SUBJECT ADDED ENTRY--TOPICAL TERM
Topical term or geographic name entry element Civil rights workers
Geographic subdivision Alabama
-- Montgomery
Form subdivision Biography
-- Juvenile literature.
650 #0 - SUBJECT ADDED ENTRY--TOPICAL TERM
Topical term or geographic name entry element African Americans
General subdivision Civil rights
Geographic subdivision Alabama
-- Montgomery
Form subdivision Juvenile literature.
650 #0 - SUBJECT ADDED ENTRY--TOPICAL TERM
Topical term or geographic name entry element Segregation in transportation
Geographic subdivision Alabama
-- Montgomery
General subdivision History
Chronological subdivision 20th century
Form subdivision Juvenile literature.
650 #1 - SUBJECT ADDED ENTRY--TOPICAL TERM
Topical term or geographic name entry element African Americans
Form subdivision Biography.
650 #1 - SUBJECT ADDED ENTRY--TOPICAL TERM
Topical term or geographic name entry element African Americans
General subdivision Civil rights.
650 #1 - SUBJECT ADDED ENTRY--TOPICAL TERM
Topical term or geographic name entry element Women
Form subdivision Biography.
651 #0 - SUBJECT ADDED ENTRY--GEOGRAPHIC NAME
Geographic name Montgomery (Ala.)
Form subdivision Biography
-- Juvenile literature.
651 #0 - SUBJECT ADDED ENTRY--GEOGRAPHIC NAME
Geographic name Montgomery (Ala.)
General subdivision Race relations
Form subdivision Juvenile literature.
655 #7 - INDEX TERM--GENRE/FORM
Genre/form data or focus term Literature.
Source of term lcgft
Authority record control number or standard number https://id.loc.gov/authorities/genreForms/gf2014026415
655 #7 - INDEX TERM--GENRE/FORM
Genre/form data or focus term Biographies.
Source of term lcgft
Authority record control number or standard number https://id.loc.gov/authorities/genreForms/gf2014026049
655 #7 - INDEX TERM--GENRE/FORM
Genre/form data or focus term Biographies.
Source of term lcgft
Authority record control number or standard number https://id.loc.gov/authorities/genreForms/gf2014026049
700 1# - ADDED ENTRY--PERSONAL NAME
Personal name Griffith, Gershom,
Relator term illustrator
906 ## - LOCAL DATA ELEMENT F, LDF (RLIN)
a 7
b cbc
c orignew
d 1
e ocip
f 19
g y-gencatlg
942 ## - ADDED ENTRY ELEMENTS (KOHA)
Source of classification or shelving scheme Dewey Decimal Classification
Koha item type Books
Suppress in OPAC No
Holdings
Withdrawn status Lost status Source of classification or shelving scheme Damaged status Not for loan Collection Home library Current library Shelving location Date acquired Total Checkouts Full call number Barcode Date last seen Copy number Price effective from Koha item type
    Dewey Decimal Classification     Non-Fiction Footprints International School Library Network Toul Tom Poung Campus Footprints International School Library Network Toul Tom Poung Campus TTP Secondary Non-Fiction Bookshelves 11/18/2025   BRA 323.092 F334.M753 P3825 FISO5312 11/18/2025 1 11/18/2025 Books